| 000 | 02549cam a22005774a 4500 | ||
|---|---|---|---|
| 003 | PE-LiUPU | ||
| 005 | 20250731165613.0 | ||
| 008 | 111116s2011 sp a rb 000 0 spa d | ||
| 020 | _a8497328124 | ||
| 020 | _a9788497328128 | ||
| 035 | _a(Sirsi) i9788497328128 | ||
| 040 |
_aPEBDI _bspa _cPEBDI _dPEBDI _dPE-LiUPU _erda |
||
| 049 | _aPRUA | ||
| 082 |
_a004 _bG23 2011 |
||
| 100 | 1 |
_aGarcía-Cervigón Hurtado, Alfonso, _eautor. |
|
| 245 | 1 | 0 |
_aSeguridad informática / _cAlfonso García-Cervigón Hurtado, María del Pilar Alegre Ramos. |
| 264 |
_aMadrid : _bParaninfo, _c2011. |
||
| 300 |
_aviii, 163 paginas : _bilustraciones ; _c27 centimetros. |
||
| 336 |
_atext _2rdacontent |
||
| 337 |
_aunmediated _2rdamedia |
||
| 338 |
_avolume _2rdacarrier |
||
| 504 | _aIncluye índice. | ||
| 505 | 0 | _aIntroducción a la seguridad informática -- Aplicación de medidas de seguridad pasiva -- Gestión de dispositivos de almacenamiento -- Software malicioso -- Criptografía -- Sistemas de identificación -- Privacidad de la información -- Seguridad en redes -- Sitios web de interés. | |
| 526 | _aSEG44 | ||
| 526 | _aSEG26 | ||
| 526 | _aP151 | ||
| 526 | _aP150 | ||
| 526 | _aP149 | ||
| 526 | _aP146 | ||
| 526 | _aP145 | ||
| 526 | _aP126 | ||
| 526 | _aP125 | ||
| 526 | _aP92 | ||
| 526 | _aP75 | ||
| 526 | _aP74 | ||
| 526 | _aP27 | ||
| 526 | _aP15 | ||
| 541 | _g001-003495; | ||
| 650 | 1 | 4 |
_aComputadoras _xSistemas de seguridad. |
| 700 | 1 | _aAlegre Ramos, María del Pilar. | |
| 910 |
_btqv _cjhc _d20161014 |
||
| 910 |
_adbm _bksl _cksl _d20180117 |
||
| 942 |
_2ddc _cBOOK |
||
| 949 |
_a004 G23 2011 _wDEWEY _c1 _iFJ02910 _lCCODEBUJ1 _mBUJ _p28.40 _r0 _sY _tBOOK _u2016-10-14 _xINGENIERIA _PP27 _0COMPRA _o.STAFF. Colección General Juliaca |
||
| 994 |
_aC0 _bPEPRU |
||
| 596 | _a1 3 | ||
| 999 |
_a005.8 G25 _wDEWEY _c53238 _i64511 _d53238 _e2017-5-5 _f2017-2-12 _g3 _kCHECKEDOUT _lCCODEBUL1 _mBUL _n7 _p36.00 _q1 _rM _sY _tBOOK _u2015-7-6 _xINGENIERIA _PP27 _0COMPRA _o.STAFF. Colección General |
||
| 999 |
_a005.8 G25 _wDEWEY _c2 _i78102 _d2018-5-7 _e2018-5-3 _f2021-11-9 _g4 _lCCODEBUL1 _mBUL _n8 _p39.66 _q1 _r0 _sY _tBOOK _u2018-1-17 _xINGENIERIA _PP27 _0COMPRA _o.STAFF. Colección Ingeniería y Arquitectura |
||
| 999 |
_a004 G23 2011 _wDEWEY _c1 _iFJ02910 _d2019-10-21 _e2019-3-8 _f2021-12-27 _g4 _lCCODEBUJ1 _mBUJ _n1 _p28.40 _q2 _r0 _sY _tBOOK _u2016-10-14 _xINGENIERIA _PP27 _0COMPRA _o.STAFF. Colección General Juliaca |
||
| 980 |
_81 _gALBERTO SANCHEZ Responsable de Automatización |
||